| 000 | 00443aam a2200169 4500 | ||
|---|---|---|---|
| 005 | 20170111132829.0 | ||
| 008 | 150727b xxu||||| |||| 00| 0 spa d | ||
| 041 | _aInglés | ||
| 082 | _a428 L481t | ||
| 100 |
_aLee Mckay, Sandra _936087 |
||
| 245 | _aTechniques english as an international language | ||
| 260 |
_aInglaterra _bOxford _c2002 |
||
| 300 | _a150 páginas | ||
| 650 |
_aINGLÉS _92062 |
||
| 650 |
_a ENSEÑANZA _9236 |
||
| 942 | _cBK | ||
| 999 |
_c8707 _d8707 |
||